Introduction to PDEs and waves for the atmosphere and ocean /
Guardado en:
| Autor Principal: | |
|---|---|
| Formato: | Libro |
| Idioma: | English |
| Publicado: |
New York : Providence, R.I. :
Courant Institute of Mathematical Sciences ; American Mathematical Society,
c2003.
|
| Series: | Courant lecture notes in mathematics,
9 |
| Materias: | |
| Etiquetas: |
Agregar Etiqueta
Sin Etiquetas, Sea el primero en etiquetar este registro!
|
| LEADER | 01677cam a22002895a 4500 | ||
|---|---|---|---|
| 001 | MAT.inmabb003969 | ||
| 008 | 021112s2003####nyua#####b####000#0#eng## | ||
| 005 | 20130331194338.0 | ||
| 245 | 1 | 0 | |a Introduction to PDEs and waves for the atmosphere and ocean / |c Andrew Majda. |
| 260 | |a New York : |b Courant Institute of Mathematical Sciences ; |a Providence, R.I. : |b American Mathematical Society, |c c2003. | ||
| 300 | |a ix, 234 p. : |b il. ; |c 26 cm. | ||
| 440 | 0 | |a Courant lecture notes in mathematics, |x 1529-9031 ; |v 9 | |
| 504 | |a Incluye referencias bibliográficas (p. 233-234). | ||
| 505 | 0 | |a 1. Introduction -- 2. Some remarkable features of stratified flow -- 3. Linear and nonlinear instability of stratified flows with strong stratification -- 4. Rotating shallow water theory -- 5. Linear and weakly nonlinear theory of dispersive waves with geophysical examples -- 6. Simplified equations for the dynamics of strongly stratified flow -- 7. The stratified quasi-geostrophic equations as a singular limit of the rotating Boussinesq equations -- 8. Introduction to averaging over fast waves for geophysical flows -- 9. Waves and PDEs for the equatorial atmosphere and ocean. | |
| 510 | 4 | |a MR, |c 2004b:76152 | |
| 020 | |a 0821829548 | ||
| 100 | 1 | |a Majda, Andrew, |d 1949- | |
| 650 | 0 | |a Waves. | |
| 650 | 0 | |a Differential equations, Partial. | |
| 650 | 0 | |a Differential equations, Nonlinear. | |
| 650 | 0 | |a Oceanography |x Mathematical models. | |
| 650 | 0 | |a Atmosphere |x Mathematical models. | |
| 650 | 0 | |a Stratified flow. | |
| 084 | |a 76U05 (35Q35 76B03 76B15 76D33 86A05 86A10) |2 msc2000 | ||
| 010 | |a 2002042674 | ||
| 040 | |a DLC |c DLC |d DLC | ||
| 859 | |h 76 |i M233i |p A-8319 |b BIB. MATEMATICA | ||
